000
00219 a2200097 4500
001
28091
100
_a
Richards, C J
245
_a
Electronic display & data sys
260
_a
_b
McGraw-Hill
_c
1973
090
_c
18788
_d
18788
942
_a
NUST-CAE
_c
M
_c
9766
999
_c
263164
_d
263164